000 01007nam a2200241 i 4500
001 190010
003 ES-MaACL
005 20240409170655.0
007 t|
008 200305s1966 sp |||| | spa d
100 1 _aMirambell i Belloc, Enric.
_9169838
245 1 0 _aBibliografía gerundense desde la introducción de la imprenta hasta el siglo XX /
_cpor Enrique Mirambell Belloc.
260 _aBarcelona :
_b[Universidad, Facultad de Filosofía y Letras,
_c1966] (
_fIvern)
300 _a17 p. ;
_c24 cm.
502 _aTesis-Univ. Barcelona (Extracto)
594 _aPrecede al tít.: Universidad de Barcelona. Secretariado de Publicaciones, Intercambio Científico y Extensión Universitaria.
650 4 _aBibliografías gerundenses.
_9169839
655 _aTesis y escritos académicos
_9226867
710 2 _aUniversidad de Barcelona.
_bFacultad de Filosofía y Letras.
_97149
852 4 _aES-MaACL
_jP-1415 (6)
_9197161
_bR-68610
_cDEPO2
942 _2udc
999 _c190010
_d190010